00514nam a22001812 4500001001100000005001700011008004100028020001700069040001500086100003300101245006300134250001200197260003900209300001000248650003600258700003500294852000300329000001971120151217155902.0110121s xx 000 0 eng d a9966363106 : aKABUcKABU1 aMohamed, Said A.@000015215110aPosa za bikisiwa /cSaid A. Mohamed and Kitula G. King'ei. a1st ed. aNairobi, Kenya :bLonghorn,c2003. a80 p. 0aSwahili literature.@00001787351 aKing'ei, Kitula G.@00001521371